<?xml version="1.0" encoding="UTF-8"?>
<record
    xmlns:xsi="http://www.w3.org/2001/XMLSchema-instance"
    xsi:schemaLocation="http://www.loc.gov/MARC21/slim http://www.loc.gov/standards/marcxml/schema/MARC21slim.xsd"
    xmlns="http://www.loc.gov/MARC21/slim">

  <leader>02877cam a22007094a 4500</leader>
  <controlfield tag="001">6099475</controlfield>
  <controlfield tag="005">20220326193335.0</controlfield>
  <controlfield tag="008">070302s2006    pn a          000 0dspa c</controlfield>
  <datafield tag="020" ind1=" " ind2=" ">
    <subfield code="a">9962884217</subfield>
  </datafield>
  <datafield tag="020" ind1=" " ind2=" ">
    <subfield code="a">9789962884217</subfield>
  </datafield>
  <datafield tag="035" ind1=" " ind2=" ">
    <subfield code="a">(OCoLC)ocn123898362</subfield>
  </datafield>
  <datafield tag="035" ind1=" " ind2=" ">
    <subfield code="a">(OCoLC)123898362</subfield>
  </datafield>
  <datafield tag="035" ind1=" " ind2=" ">
    <subfield code="a">(NNC)6099475</subfield>
  </datafield>
  <datafield tag="040" ind1=" " ind2=" ">
    <subfield code="a">CGU</subfield>
    <subfield code="c">CGU</subfield>
    <subfield code="d">H7K</subfield>
  </datafield>
  <datafield tag="041" ind1="1" ind2=" ">
    <subfield code="a">spa</subfield>
    <subfield code="a">eng</subfield>
  </datafield>
  <datafield tag="042" ind1=" " ind2=" ">
    <subfield code="a">pcc</subfield>
  </datafield>
  <datafield tag="082" ind1=" " ind2=" ">
    <subfield code="a">700.74</subfield>
    <subfield code="b">A663s</subfield>
  </datafield>
  <datafield tag="111" ind1="2" ind2=" ">
    <subfield code="a">Bienal de Arte de Panam&#xE1; Cervecer&#xED;a Nacional</subfield>
    <subfield code="n">(7th :</subfield>
    <subfield code="d">2005 :</subfield>
    <subfield code="c">Panama, Panama)</subfield>
    <subfield code="9">3726</subfield>
  </datafield>
  <datafield tag="245" ind1="1" ind2="0">
    <subfield code="a">7 Bienal de Arte de Panam&#xE1; =</subfield>
    <subfield code="b">7 Panama Art Biennial : 2005 /</subfield>
    <subfield code="c">[editores, Walo Ara&#xFA;jo, M&#xF3;nica Kupfer ; textos de Walo Ara&#xFA;jo ... et al.].</subfield>
  </datafield>
  <datafield tag="246" ind1="3" ind2=" ">
    <subfield code="a">S&#xE9;ptimo Bienal de Arte de Panam&#xE1;</subfield>
  </datafield>
  <datafield tag="246" ind1="3" ind2="1">
    <subfield code="a">7 Panama Art Biennial</subfield>
  </datafield>
  <datafield tag="246" ind1="3" ind2=" ">
    <subfield code="a">Seventh Panama Art Biennial</subfield>
  </datafield>
  <datafield tag="260" ind1=" " ind2=" ">
    <subfield code="a">Panam&#xE1; :</subfield>
    <subfield code="b">Fundaci&#xF3;n Arte y Cultura,</subfield>
    <subfield code="c">2006</subfield>
  </datafield>
  <datafield tag="300" ind1=" " ind2=" ">
    <subfield code="a">124 p. :</subfield>
    <subfield code="b">ill. (col.) ;</subfield>
    <subfield code="c">26 cm. +</subfield>
    <subfield code="e">1 pamphlet (15 p.)</subfield>
  </datafield>
  <datafield tag="500" ind1=" " ind2=" ">
    <subfield code="a">Exhibition: October 19 to November 25, 2005, Museo de Arte Contempor&#xE1;neo.</subfield>
  </datafield>
  <datafield tag="500" ind1=" " ind2=" ">
    <subfield code="a">Includes works by various artists and biographical information about the artists.</subfield>
  </datafield>
  <datafield tag="546" ind1=" " ind2=" ">
    <subfield code="a">Texts in Spanish and English.</subfield>
  </datafield>
  <datafield tag="650" ind1=" " ind2="0">
    <subfield code="a">Art, Panamanian</subfield>
    <subfield code="y">21st century</subfield>
    <subfield code="v">Exhibitions.</subfield>
    <subfield code="9">3727</subfield>
  </datafield>
  <datafield tag="650" ind1=" " ind2="0">
    <subfield code="a">Art, Modern</subfield>
    <subfield code="y">21st century</subfield>
    <subfield code="v">Exhibitions.</subfield>
    <subfield code="9">442</subfield>
  </datafield>
  <datafield tag="650" ind1=" " ind2="0">
    <subfield code="a">Arte</subfield>
    <subfield code="y">Siglo 21</subfield>
    <subfield code="v">Exhibiciones</subfield>
    <subfield code="z">Panam&#xE1;</subfield>
    <subfield code="9">3728</subfield>
  </datafield>
  <datafield tag="650" ind1=" " ind2="0">
    <subfield code="a">Arte Moderno</subfield>
    <subfield code="y">Siglo 21</subfield>
    <subfield code="v">Exhibiciones</subfield>
    <subfield code="9">3729</subfield>
  </datafield>
  <datafield tag="650" ind1=" " ind2="0">
    <subfield code="a">Arte Festivales (Bienal 2006)</subfield>
    <subfield code="9">3730</subfield>
  </datafield>
  <datafield tag="650" ind1=" " ind2="0">
    <subfield code="a">Arte Paname&#xF1;o</subfield>
    <subfield code="9">3731</subfield>
  </datafield>
  <datafield tag="650" ind1=" " ind2="0">
    <subfield code="a">Pintores Paname&#xF1;os</subfield>
    <subfield code="9">3732</subfield>
  </datafield>
  <datafield tag="650" ind1=" " ind2="0">
    <subfield code="a">Escultores Paname&#xF1;os</subfield>
    <subfield code="9">3733</subfield>
  </datafield>
  <datafield tag="700" ind1="1" ind2=" ">
    <subfield code="a">Ara&#xFA;jo, Walo</subfield>
    <subfield code="9">2253</subfield>
  </datafield>
  <datafield tag="700" ind1="1" ind2=" ">
    <subfield code="a">Kupfer, Monica E.</subfield>
    <subfield code="9">31</subfield>
  </datafield>
  <datafield tag="700" ind1="1" ind2=" ">
    <subfield code="a">Samos, Adrienne  [curadora]</subfield>
    <subfield code="9">3734</subfield>
  </datafield>
  <datafield tag="700" ind1="1" ind2=" ">
    <subfield code="a">P&#xE9;rez-Ratton, Virginia [curadora]</subfield>
    <subfield code="9">3538</subfield>
  </datafield>
  <datafield tag="700" ind1="1" ind2=" ">
    <subfield code="a">Pini, Ivonne  [curadora]</subfield>
    <subfield code="9">3735</subfield>
  </datafield>
  <datafield tag="700" ind1="1" ind2=" ">
    <subfield code="a">Kronfle, Rodolfo  [curador]</subfield>
    <subfield code="9">3736</subfield>
  </datafield>
  <datafield tag="700" ind1="1" ind2=" ">
    <subfield code="a">Astiasar&#xE1;n, Clara  [curadora]</subfield>
    <subfield code="9">3138</subfield>
  </datafield>
  <datafield tag="700" ind1="1" ind2=" ">
    <subfield code="a">Castrell&#xF3;n, Jos&#xE9; Manuel</subfield>
    <subfield code="9">3738</subfield>
  </datafield>
  <datafield tag="700" ind1="1" ind2=" ">
    <subfield code="a">Castro R&#xED;os, Enrique</subfield>
    <subfield code="9">3739</subfield>
  </datafield>
  <datafield tag="700" ind1="1" ind2=" ">
    <subfield code="a">Conlon, Donna</subfield>
    <subfield code="9">3740</subfield>
  </datafield>
  <datafield tag="700" ind1="1" ind2=" ">
    <subfield code="a">Giovanni, Rams&#xE9;s</subfield>
    <subfield code="9">3741</subfield>
  </datafield>
  <datafield tag="700" ind1="1" ind2=" ">
    <subfield code="a">Harker, Jonathan</subfield>
    <subfield code="9">3573</subfield>
  </datafield>
  <datafield tag="700" ind1="1" ind2=" ">
    <subfield code="a">Mares, V&#xED;ctor</subfield>
    <subfield code="9">3742</subfield>
  </datafield>
  <datafield tag="700" ind1="1" ind2=" ">
    <subfield code="a">Merel, Francisco / Cisco</subfield>
    <subfield code="9">3743</subfield>
  </datafield>
  <datafield tag="700" ind1="1" ind2=" ">
    <subfield code="a">Milson, Lezlie</subfield>
    <subfield code="9">3744</subfield>
  </datafield>
  <datafield tag="700" ind1="1" ind2=" ">
    <subfield code="a">Mozman, Rachelle</subfield>
    <subfield code="9">3745</subfield>
  </datafield>
  <datafield tag="700" ind1="1" ind2=" ">
    <subfield code="a">Paredes, Beatriz Cecilia</subfield>
    <subfield code="9">3746</subfield>
  </datafield>
  <datafield tag="700" ind1="1" ind2=" ">
    <subfield code="a">S&#xE1;nchez Laws, Ana Luisa</subfield>
    <subfield code="9">3747</subfield>
  </datafield>
  <datafield tag="700" ind1="1" ind2=" ">
    <subfield code="a">Valencia, Mira</subfield>
    <subfield code="9">3748</subfield>
  </datafield>
  <datafield tag="700" ind1="1" ind2=" ">
    <subfield code="a">V&#xE9;lez, Humberto</subfield>
    <subfield code="9">3749</subfield>
  </datafield>
  <datafield tag="710" ind1="2" ind2=" ">
    <subfield code="a">Museo de Arte Contempor&#xE1;neo (Panam&#xE1;)</subfield>
    <subfield code="9">2033</subfield>
  </datafield>
  <datafield tag="710" ind1="2" ind2=" ">
    <subfield code="a">Cervecer&#xED;a Nacional (Panam&#xE1;)</subfield>
    <subfield code="9">3737</subfield>
  </datafield>
  <datafield tag="776" ind1="0" ind2="8">
    <subfield code="i">Online version:</subfield>
    <subfield code="a">Bienal de Arte de Panam&#xE1; Cervecer&#xED;a Nacional (7th : 2005 : Panama, Panama)</subfield>
    <subfield code="t">7 Bienal de Arte de Panam&#xE1;</subfield>
    <subfield code="d">Panam&#xE1; : Fundaci&#xF3;n Arte y Cultura, [2006?]</subfield>
    <subfield code="w">(OCoLC)653490503</subfield>
  </datafield>
  <datafield tag="948" ind1="0" ind2=" ">
    <subfield code="a">20070302</subfield>
    <subfield code="b">b</subfield>
    <subfield code="c">rhg9</subfield>
    <subfield code="d">SCMC</subfield>
  </datafield>
  <datafield tag="948" ind1="1" ind2=" ">
    <subfield code="a">20110608</subfield>
    <subfield code="b">c</subfield>
    <subfield code="c">rhg9</subfield>
    <subfield code="d">OSMC</subfield>
  </datafield>
  <datafield tag="999" ind1=" " ind2=" ">
    <subfield code="c">751</subfield>
    <subfield code="d">751</subfield>
  </datafield>
  <datafield tag="952" ind1=" " ind2=" ">
    <subfield code="0">0</subfield>
    <subfield code="1">0</subfield>
    <subfield code="2">ddc</subfield>
    <subfield code="4">0</subfield>
    <subfield code="7">0</subfield>
    <subfield code="a">LV</subfield>
    <subfield code="b">LV</subfield>
    <subfield code="c">Eventos y Bienales</subfield>
    <subfield code="d">2015-09-28</subfield>
    <subfield code="l">0</subfield>
    <subfield code="o">700.74 A663s</subfield>
    <subfield code="p">004085</subfield>
    <subfield code="r">2015-09-28 00:00:00</subfield>
    <subfield code="w">2015-09-28</subfield>
    <subfield code="y">01</subfield>
  </datafield>
</record>
